[Event "SVK-chT2D 0708"]
[Site "Slovakia"]
[Date "2007.10.06"]
[Round "1.4"]
[White "Tobias, Gyozo"]
[Black "Kalavsky, Frantisek"]
[Result "1-0"]
[WhiteElo "1960"]
[BlackElo "1983"]
[PlyCount "63"]
[EventDate "2007.10.06"]
[EventType "team-tourn"]
[EventRounds "11"]
[EventCountry "SVK"]
[SourceTitle "EXT 2010"]
[Source "ChessBase"]
[SourceDate "2010.11.25"]
[SourceVersion "1"]
[SourceVersionDate "2010.11.25"]
[SourceQuality "1"]
[WhiteTeam "Velke Kapusany Energetik"]
[BlackTeam "Gelnica Slovan"]
[WhiteTeamCountry "SVK"]
[BlackTeamCountry "SVK"]

1. d4 e6 2. c4 f5 3. Nc3 Nf6 4. Nf3 Be7 5. e3 0-0 6. Bd3 b6 7. 0-0 Bb7 8. b3 Na6 9. Bb2 Nb4 10. Be2 d5 11. a3 Na6 12. Ng5 Qd7 13. Rc1 Ne4 14. Ngxe4 dxe4 15. Qc2 c6 16. Rfd1 Bd6 17. d5 exd5 18. cxd5 Nc5 19. b4 Nd3 20. dxc6 Bxc6 21. Bxd3 exd3 22. Qxd3 Rad8 23. Qc4+ Kh8 24. Rd4 Qb7 25. Nb5 Bxb5 26. Qxb5 Qe7 27. Rcd1 Bc7 28. Rd7 Rxd7 29. Rxd7 Bxh2+ 30. Kxh2 Qh4+ 31. Kg1 Rg8 32. Rxg7 1-0

[Event "SVK-chT2D 0607"]
[Site "Slovakia"]
[Date "2007.03.17"]
[Round "10.1"]
[White "Tobias, Gyozo"]
[Black "Krajnak, Martin"]
[Result "0-1"]
[WhiteElo "1974"]
[BlackElo "2290"]
[PlyCount "126"]
[EventDate "2006.10.14"]
[EventType "team-tourn"]
[EventRounds "11"]
[EventCountry "SVK"]
[SourceTitle "EXT 2008"]
[Source "ChessBase"]
[SourceDate "2007.11.25"]
[SourceVersion "1"]
[SourceVersionDate "2007.11.25"]
[SourceQuality "1"]
[WhiteTeam "Velke Kapusany Energetik"]
[BlackTeam "Sabinov"]
[WhiteTeamCountry "SVK"]
[BlackTeamCountry "SVK"]

1. d4 d5 2. c4 e5 3. e3 exd4 4. Qxd4 Nf6 5. cxd5 Qxd5 6. Nf3 Nc6 7. Qxd5 Nxd5 8. Bd2 Ndb4 9. Na3 Bf5 10. Bb5 Nd3+ 11. Bxd3 Bxd3 12. Nb1 Nb4 13. Bxb4 Bxb4+ 14. Nc3 f6 15. 0-0-0 0-0-0 16. Nd4 Bc4 17. Nde2 c6 18. Rxd8+ Rxd8 19. Rd1 Rxd1+ 20. Kxd1 Kc7 21. Kc2 a5 22. a3 Bf8 23. Nd4 b5 24. Ne4 a4 25. Nd2 Bf7 26. f3 Kb6 27. Kc3 c5 28. Nc2 Ka5 29. Nb1 Bd6 30. f4 Bg6 31. b3 b4+ 32. Kb2 axb3 33. axb4+ cxb4 34. Kxb3 Bc5 35. Nd2 Bf7+ 36. Kb2 Ka4 37. Nd4 Bxd4+ 38. exd4 Kb5 39. Kc2 Kc6 40. Kd3 Kd5 41. g4 Be8 42. h3 Bb5+ 43. Ke3 Bc4 44. f5 b3 45. Nb1 b2 46. Nc3+ Kc6 47. Kd2 Ba2 48. Kc2 b1Q+ 49. Nxb1 Bxb1+ 50. Kxb1 Kd5 51. Kc2 Kxd4 52. Kd2 Ke4 53. Ke2 Kf4 54. Kf2 h5 55. gxh5 Kxf5 56. h6 gxh6 57. Kf3 Ke5 58. Ke3 f5 59. Kf3 f4 60. Ke2 Ke4 61. Kf2 f3 62. h4 h5 63. Kf1 Kf4 0-1

[Event "SVK-chT2D 0607"]
[Site "Slovakia"]
[Date "2007.02.04"]
[Round "9.3"]
[White "Tobias, Gyozo"]
[Black "Koval, Michal"]
[Result "1/2-1/2"]
[WhiteElo "1974"]
[BlackElo "2081"]
[PlyCount "122"]
[EventDate "2006.10.14"]
[EventType "team-tourn"]
[EventRounds "11"]
[EventCountry "SVK"]
[SourceTitle "EXT 2008"]
[Source "ChessBase"]
[SourceDate "2007.11.25"]
[SourceVersion "1"]
[SourceVersionDate "2007.11.25"]
[SourceQuality "1"]
[WhiteTeam "Velke Kapusany Energetik"]
[BlackTeam "Bardejov BSK"]
[WhiteTeamCountry "SVK"]
[BlackTeamCountry "SVK"]

1. d4 d5 2. c4 e6 3. Nc3 Nf6 4. Nf3 Be7 5. e3 0-0 6. Bd3 b6 7. 0-0 Bb7 8. b3 Nbd7 9. Bb2 c5 10. Rc1 Rc8 11. cxd5 Nxd5 12. Nxd5 exd5 13. Qe2 Bf6 14. Rfd1 Qe7 15. h3 g6 16. Rd2 cxd4 17. Rxc8 Rxc8 18. Bxd4 Nc5 19. Rc2 Bxd4 20. Nxd4 Ne6 21. Rxc8+ Bxc8 22. Qc2 Qc5 23. Qxc5 bxc5 24. Nc6 Kf8 25. Nxa7 Bd7 26. Bb5 Ke7 27. Bxd7 Kxd7 28. Nb5 Kc6 29. Na3 Nc7 30. Kf1 Na6 31. Nc2 c4 32. Ke2 Kc5 33. Kd2 cxb3 34. axb3 Kd6 35. b4 Nc7 36. Nd4 Ne8 37. g4 Nf6 38. f3 h5 39. Kd3 hxg4 40. hxg4 Nd7 41. f4 Nf6 42. g5 Ne4 43. Nb5+ Kc6 44. Nc3 Nd6 45. e4 dxe4+ 46. Nxe4 Nf5 47. Nc3 Kd6 48. Kc4 Ne3+ 49. Kd3 Nf5 50. Na4 Kc6 51. Nc5 Kb5 52. Nd7 Kxb4 53. Ne5 Kc5 54. Nxf7 Kd5 55. Ne5 Nh4 56. Ke3 Ke6 57. Ke4 Ke7 58. Kd5 Kf8 59. Ke6 Kg7 60. Ng4 Nf5 61. Ke5 Nh4 1/2-1/2